<?xml version="1.0" encoding="UTF-8"?>
<collection xmlns="http://www.loc.gov/MARC21/slim">
 <record>
  <leader>01193nam a22002297a 4500</leader>
  <controlfield tag="001">NCT_85435</controlfield>
  <controlfield tag="008">201001b        xxu||||| |||| 00| 0 vie d</controlfield>
  <datafield tag="999" ind1=" " ind2=" ">
   <subfield code="c">4220</subfield>
   <subfield code="d">4220</subfield>
  </datafield>
  <datafield tag="020" ind1=" " ind2=" ">
   <subfield code="a">9786049315022</subfield>
   <subfield code="c">199000</subfield>
  </datafield>
  <datafield tag="082" ind1="0" ind2="4">
   <subfield code="2">23rd ed.</subfield>
   <subfield code="a">659.11</subfield>
   <subfield code="b">S947</subfield>
  </datafield>
  <datafield tag="100" ind1="1" ind2=" ">
   <subfield code="a">Sugars, Bradley J.</subfield>
  </datafield>
  <datafield tag="245" ind1="1" ind2="0">
   <subfield code="a">Quảng cáo ấn tượng =</subfield>
   <subfield code="b">Instant advertising</subfield>
   <subfield code="c">Bradley J. Sugars ; Phương Hạ, Gia Bảo (Dịch) ; Lê Minh Tuấn (Hiệu đính)</subfield>
  </datafield>
  <datafield tag="260" ind1=" " ind2=" ">
   <subfield code="a">H.</subfield>
   <subfield code="b">Công thương</subfield>
   <subfield code="c">2020</subfield>
  </datafield>
  <datafield tag="300" ind1=" " ind2=" ">
   <subfield code="a">374 tr.</subfield>
   <subfield code="c">23cm</subfield>
  </datafield>
  <datafield tag="520" ind1="3" ind2=" ">
   <subfield code="a">Cung cấp 145 chiến lược giúp bạn có cái nhìn tổng quan về cách tạo ra một chiến dịch quảng cáo hiệu quả, tiếp cận nhiều hơn khách hàng tiềm năng mà không làm vơi đi ngân sách.</subfield>
  </datafield>
  <datafield tag="653" ind1=" " ind2=" ">
   <subfield code="a">Quan hệ công chúng</subfield>
  </datafield>
  <datafield tag="700" ind1="0" ind2=" ">
   <subfield code="a">Phương Hạ</subfield>
   <subfield code="e">Dịch</subfield>
  </datafield>
  <datafield tag="700" ind1="0" ind2=" ">
   <subfield code="a">Gia Bảo </subfield>
   <subfield code="e">Dịch</subfield>
  </datafield>
  <datafield tag="700" ind1="1" ind2=" ">
   <subfield code="a">Lê Minh Tuấn</subfield>
   <subfield code="e">Hiệu đính</subfield>
  </datafield>
  <datafield tag="942" ind1=" " ind2=" ">
   <subfield code="2">ddc</subfield>
   <subfield code="c">BK</subfield>
  </datafield>
  <datafield tag="952" ind1=" " ind2=" ">
   <subfield code="0">0</subfield>
   <subfield code="1">0</subfield>
   <subfield code="2">ddc</subfield>
   <subfield code="4">0</subfield>
   <subfield code="6">659_110000000000000_S947</subfield>
   <subfield code="7">0</subfield>
   <subfield code="9">20346</subfield>
   <subfield code="a">000001</subfield>
   <subfield code="b">000001</subfield>
   <subfield code="d">2020-10-01</subfield>
   <subfield code="o">659.11 S947</subfield>
   <subfield code="p">MD.17672</subfield>
   <subfield code="r">2020-10-01</subfield>
   <subfield code="v">199000.00</subfield>
   <subfield code="w">2020-10-01</subfield>
   <subfield code="y">BK</subfield>
  </datafield>
  <datafield tag="980" ind1=" " ind2=" ">
   <subfield code="a">Thư viện Trường Đại học Nam Cần Thơ</subfield>
  </datafield>
 </record>
</collection>
